000 00297nam a22001337a 4500
003 SGT
082 _a615.53
_bC15S
100 _aSHUKLA,ACHARYA. VIDYADHAR
245 _aCHARAK SAMHITA
260 _aVARANASI
_bCHAUKHAMBHA PUB
_c2015
300 _a916
650 _aCHARAK SAMHITA
942 _2ddc
_cBK
_02
999 _c8729
_d8729